La travesía de Enrique: la arriesgada odisea de un niño en busca de su madre
Bewaard in:
| Hoofdauteur: | |
|---|---|
| Formaat: | Boek |
| Taal: | Spaans |
| Gepubliceerd in: |
Buenos Aires
Debate
2006
|
| Editie: | 1a. ed |
| Reeks: | Historia
|
| Onderwerpen: | |
| Tags: |
Voeg label toe
Geen labels, Wees de eerste die dit record labelt!
|
MARC
| LEADER | 00000nam a2200000 a 4500 | ||
|---|---|---|---|
| 001 | UCJ2738 | ||
| 003 | CL-VaPUC | ||
| 008 | 070112e20060000AG |||||||||||||||||spa|d | ||
| 020 | |a 9871117213 | ||
| 082 | 0 | 4 | |a 325 |b NAZ |2 21 |
| 100 | |a Nazario, Sonia |e autora |9 503666 | ||
| 245 | 1 | 3 | |a La travesía de Enrique: la arriesgada odisea de un niño en busca de su madre |
| 250 | |a 1a. ed | ||
| 300 | |a 301 p | ||
| 942 | |c BK | ||
| 945 | |d 20070112 00:00:00 |a jtorresc | ||
| 260 | |a Buenos Aires |b Debate |c 2006 | ||
| 650 | 7 | |a EMIGRANTES |2 CL-VaPUC |9 503667 | |
| 650 | 0 | |a Pobreza |9 258652 | |
| 650 | 0 | |a Inmigrantes |9 317882 | |
| 650 | 0 | |a Historia siglo 21 |9 337744 | |
| 650 | 7 | |a CONFLICTOS INTERNACIONALES |2 CL-VaPUC |9 334143 | |
| 650 | 7 | |a TESTIMONIOS |2 CL-VaPUC |9 503668 | |
| 651 | 7 | |a HONDURAS |2 CL-VaPUC |9 257740 | |
| 651 | 0 | |a México |9 255269 | |
| 651 | 0 | |a Estados Unidos |9 255178 | |
| 583 | |a last modification |c 20160817 03:25:29 |k Rodrigo Vera | ||
| 490 | 0 | |a Historia | |
| 999 | |c 318871 |d 318869 | ||
| 952 | |0 0 |1 0 |4 0 |6 325_000000000000000_NAZ_2006 |7 0 |8 A |9 397066 |a BIBEDU |b BIBEDU |d 2019-11-22 |i 4276353 |o 325 NAZ 2006 |p 4276353 |r 2019-11-22 |w 2019-11-22 |y BK |k EBA | ||